| 000 | 00521nam a2200145Ia 4500 | ||
|---|---|---|---|
| 008 | 170221s9999 xx 000 0 und d | ||
| 100 | _aHashed Ahmed Mabkhot | ||
| 245 | 4 | _aThe Antecedents of Automobile Brand Loyalty: Evidence from Malaysian | |
| 245 | _cHashed Ahmed Mabkhot, Salniza MD Salleh, Hasnizam Shaari | ||
| 260 | _bInternational Review of Management and Marketing | ||
| 260 | _cDecember 2012 | ||
| 300 | _a4:2 | ||
| 650 | _xMarketing. | ||
| 856 | _uhttp://www.econjournals.com/index.php/irmm/issue/view/82 | ||
| 999 |
_c310413 _d310413 |
||